Histoire du drapeau de la Chine - Statistiques

Statistiques générales
  • Ce quiz a été pris 156 fois
  • Le résultat moyen est 5 sur 7
Statistiques - réponses
Hint Réponse % Correct
Chine (drapeau actuel depuis 1949)
90%
République soviétique Chinoise (1931-1937)
88%
Deuxième drapeau de la dynastie Qing (1890-1851 et 1864-1912)
73%
Royaume céleste de la grande paix (1851-1864)
70%
Deuxième drapeau de la république de Chine (1928-1949)
68%
Premier drapeau de la république de Chine (1912-1928)
50%
Premier drapeau de la dynastie Qing (1862-1890)
38%
Aucun quiz correspondant
Distribution des résultats
% des personnes avec chaque résultat
Percentile par nombre de réponses
Votre historique - résultats
Vous n’avez pas pris ce quiz